| 000 | 00516nam a2200157 a 4500 | ||
|---|---|---|---|
| 001 | 000030039 | ||
| 005 | 20200930060007.0 | ||
| 008 | 110428s1971 dr 000 s spa d | ||
| 040 |
_aDO-SdBNP _bspa _cBNPHU |
||
| 082 |
_axxxx _bL512d |
||
| 100 | 1 |
_aLeger, José O. _956752 |
|
| 245 | 1 | 0 |
_aDiscursos pronunciados en la manifestación de repudio a la conspiración Wessinista, el martes 6 de julio de 1971 / _cJosé O. Leger. |
| 260 |
_aSanto Domingo : _b[s.n.], _c[1971]. |
||
| 300 |
_a23 p. ; _c20 cm. |
||
| 049 | _aBNPD | ||
| 999 |
_c29531 _d29531 |
||